01588cas a2200349 450000100090000000300060000900500170001500700030003200800410003501000310007602200170010703500240012403700100014804000830015804200140024105000150025511000690027021000310033922200400037024500410041026000690045130000220052031000380054232100290058036200160060944000550062550000650068050003830074565000270112865000410115570000420119610545037AUA.120130528134641.0t|850720c19639999miufr p 0 a0eng c a 74645601 zsc 76000812  a0003-298021 a(OCoLC)ocm01780045  b49104 aMnMULScMnMULSdMBTIdNSDPdDLCdOCoLCdAIPdNSDPdAIPdOCoLCdDLCdTNJdOCoLC ansdpapcc00aBR1b.A53a2 aAndrews University.bSeventh-Day Adventist Theological Seminary.0 aAndrews Univ. Semin. stud. 0aAndrews University Seminary studies10aAndrews University Seminary studies. aBerrien Springs, Mich.,bAndrews University Press.cSplring 2008 bill.c23 cm.av.: a2 issues yearly,b aFrequency varies,b1963-0 aSpring 2008 aAndrews University Seminary studies.vVol.46, No.1 a"Journal of the Seventh-Day Adventist Theological Seminary." aContents: Novels' "Exotic" places and Luke's African Official (Acts 8: 27); The Exodus Motif in revelation 15-16: Its the background and nature; Madaba plains project - Tall al 'Umayri, 2006; Fernando Canale's creation,evolution, and theology: the role of method in theological accommodation; Defining Legalism; Cultural and religious dynamics of the church in the philippines;  0aTheologyvPeriodicals. 0aTheological seminariesxPeriodicals. aJerry Moon and John W. ReeveeEditors